000 00769nam a2200253Ia 4500
003 OSt
005 20221005050036.0
006 a|||||r|||| 00| 0
007 ta
008 221004b |||||||| |||| 00| 0 ben d
020 _a8129507439 (hbk)
_c200
024 _a4191
037 _b768, 16/03/2013, Bright Book Service
_cTextual
040 _aCRL
_cCRL
_bben
041 _2ben
_aben
082 _aO157,1NBASx, P6
100 _aBasu Utpalkumar
_9594230
245 0 _aKabita samgraha
260 _aKolkata
_bSudhangshu Sekhar Dey Dey's Publishing India
_c2011
300 _a367p.
_ccm.
650 _aBENGALI LITERATURE
942 _hO157,1NBASx, P6
_cTEXL
_2cc
999 _c956188
_d956188